00700cam a22002171 4500001001300000003000400013005001700017008004100034010001700075035001900092040002700111042001200138050002200150100002900172245014800201260003700349300002700386500002800413651002400441999001700465sa 67000948 DLC20260227112319.0760907s1965 io 000 0 ind  asa 67000948  a(OCoLC)2414655 aDLCcIDeKNdIDeKNdDLC apremarc00aDS646.29.M25bS551 aSlametmuljana, B. Raden.10aMenudju puntjak kemegahan (sedjarah Keradjaan Madjapahit)coleh Slamet Muljono. Dikerdjakan dengan bantuan Departemen Urusan Research Nasional. aDjakarta,bBalai Pustaka,c1965. a204 p.billus.c22 cm. aSummary: 9 p. inserted. 0aMajapahit (Kingdom) c72312d72312